Naj(ne)nudnejšia škola na svete 2 - Tajná učebňa /
Mysleli ste si, že vaša škola je nudná? Potom asi ešte nepoznáte tú Maxovu. Deti v spánkovej kóme, matematika osemkrát denne a viac ako 777 školských pravidiel. Proti toľkej nude môže pomôcť len jedno: inšpektor Rumpus zo záhadného úradu ÚPBSN. Max opäť vystrájal a tentoraz nesie vinu celá trieda. P...
Uloženo v:
| Série: | Naj(ne)nudnejšia škola na svete,
část 2 |
|---|---|
| Hlavní autor: | |
| Médium: | E-kniha |
| Jazyk: | Czech |
| Vydáno: |
Praha :
Albatros Media Slovakia s.r.o.,
2025
|
| Příbuzné jednotky: | Z cyklu::
Naj(ne)nudnejšia škola na svete |
| Tagy: |
Žádné tagy |
| LEADER | 01593nam a22002417i 4500 | ||
|---|---|---|---|
| 001 | 302686 | ||
| 007 | ta | ||
| 008 | 260514s2025 xr ||||| |||| 00| 0 cze d | ||
| 020 | |a 9788056647462 | ||
| 044 | |a xr | ||
| 100 | 1 | |a Kirschnerová, Sabrina J. |4 aut | |
| 245 | 1 | 0 | |a Naj(ne)nudnejšia škola na svete 2 - Tajná učebňa / |c Kirschnerová, Sabrina J. |
| 240 | 1 | 0 | |a Die unlangweiligste Schule der Welt 2 - Das geheime Klassenzimmer |
| 264 | 1 | |a Praha : |b Albatros Media Slovakia s.r.o., |c 2025 | |
| 300 | |a 1 online zdroj (224 stran) | ||
| 336 | |a text |b txt |2 rdacontent | ||
| 337 | |a bez média |b n |2 rdamedia | ||
| 338 | |a online zdroj |b cr |2 rdacarrier | ||
| 520 | 2 | |a Mysleli ste si, že vaša škola je nudná? Potom asi ešte nepoznáte tú Maxovu. Deti v spánkovej kóme, matematika osemkrát denne a viac ako 777 školských pravidiel. Proti toľkej nude môže pomôcť len jedno: inšpektor Rumpus zo záhadného úradu ÚPBSN. Max opäť vystrájal a tentoraz nesie vinu celá trieda. Potom však Max dostane záhadnú úlohu. Za posteľnými závesmi riaditeľa Všedného sa totiž nachádza tajná miestnosť... | |
| 787 | 0 | 8 | |g 2 |i Z cyklu: |t Naj(ne)nudnejšia škola na svete |
| 910 | |a RBIT002 | ||
| 998 | |d 426942 |a https://core.palmknihy.cz/api/books/426942/cover?tesghv |b https://core.palmknihy.cz/api/books/426942/cover/400?tesghv |c https://core.palmknihy.cz/api/books/426942/cover/50?tesghv |e 2029-06-26 |g 224 |i 9788056647462 |k https://core.palmknihy.cz/api/books/426942/preview.pdf |l |q 49 |r 1 |s https://www.palmknihy.cz/kniha/426942 |t ebook |y 2025 |z 1 |v Naj(ne)nudnejšia škola na svete |w 2 | ||
| 999 | |d 302684 | ||